<?xml version="1.0" encoding="UTF-8"?>
<record
    xmlns:xsi="http://www.w3.org/2001/XMLSchema-instance"
    xsi:schemaLocation="http://www.loc.gov/MARC21/slim http://www.loc.gov/standards/marcxml/schema/MARC21slim.xsd"
    xmlns="http://www.loc.gov/MARC21/slim">

  <leader>03633nam a2200457 a 4500</leader>
  <controlfield tag="003">CHAP</controlfield>
  <controlfield tag="005">20240924102730.0</controlfield>
  <controlfield tag="007">cr ||||||a|c|a</controlfield>
  <controlfield tag="008">101108s2010    mx      r     00010 spa d</controlfield>
  <datafield tag="035" ind1=" " ind2=" ">
    <subfield code="a">111355</subfield>
  </datafield>
  <datafield tag="040" ind1=" " ind2=" ">
    <subfield code="c">CHAP</subfield>
  </datafield>
  <datafield tag="090" ind1=" " ind2=" ">
    <subfield code="a">Tesis</subfield>
  </datafield>
  <datafield tag="100" ind1="1" ind2=" ">
    <subfield code="a">Gonz&#xE1;lez Carrillo, Perla Andrea.</subfield>
    <subfield code="9">48767</subfield>
  </datafield>
  <datafield tag="245" ind1="1" ind2="0">
    <subfield code="a">Caracterizaci&#xF3;n del comportamiento poscosecha de frutos partenoc&#xE1;rpicos de mango (Mangifera indica L.) variedad ataulfo</subfield>
    <subfield code="c">/por Perla Andrea Gonz&#xE1;lez Carrillo y Abel L&#xF3;pez Avenda&#xF1;o; director de tesis Jos&#xE9; Joel E. Corrales Garc&#xED;a.</subfield>
  </datafield>
  <datafield tag="264" ind1=" " ind2="1">
    <subfield code="a">Chapingo, M&#xE9;x. :</subfield>
    <subfield code="b">El autor,</subfield>
    <subfield code="c">2010.</subfield>
  </datafield>
  <datafield tag="300" ind1=" " ind2=" ">
    <subfield code="a">1 recurso en l&#xED;nea (95 p&#xE1;ginas):</subfield>
    <subfield code="b">cuadros, figuras.</subfield>
  </datafield>
  <datafield tag="336" ind1=" " ind2=" ">
    <subfield code="2">rdacontent</subfield>
    <subfield code="a">texto </subfield>
    <subfield code="b">txt</subfield>
  </datafield>
  <datafield tag="337" ind1=" " ind2=" ">
    <subfield code="2">rdamedia</subfield>
    <subfield code="a">computadora</subfield>
    <subfield code="b">c</subfield>
  </datafield>
  <datafield tag="338" ind1=" " ind2=" ">
    <subfield code="2">rdacarrier</subfield>
    <subfield code="a">recursos en l&#xED;nea</subfield>
    <subfield code="b">cr</subfield>
  </datafield>
  <datafield tag="502" ind1=" " ind2=" ">
    <subfield code="b">IA</subfield>
    <subfield code="c">Agroindustrias</subfield>
    <subfield code="d">2010.</subfield>
    <subfield code="g">LIC</subfield>
  </datafield>
  <datafield tag="520" ind1=" " ind2=" ">
    <subfield code="a">Los frutos partenoc&#xE1;rpicos de mango variedad &#x201E;Ataulfo&#x201F;, han venido cobrando importancia, hasta el grado que se comercializan a un precio superior que el mango &#x201E;Ataulfo&#x201F;. Para dise&#xF1;ar estrategias de manejo postcosecha es fundamental conocer el patr&#xF3;n de cambios como un referente ante la falta de informaci&#xF3;n concerniente sobre estos frutos.La investigaci&#xF3;n se realiz&#xF3; con frutos partenoc&#xE1;rpicos de mango &#x201E;Ataulfo&#x201F; (mango ni&#xF1;o) procedentes de las regiones productoras de mango (Chiapas y Nayarit). Los frutos se dividieron en dos grupos,1) testigo (almacenados a temperatura ambiente, 20&#xB0;C, 56% H.R.) y 2) los almacenados en refrigeraci&#xF3;n durante 1, 2 y 3 semanas (10&#xB0;C&#xB1;2, 94%H.R.), con el fin de caracterizar y comparar el comportamiento postcosecha de los frutos de las dos regiones de origen. Se determin&#xF3; el patr&#xF3;n de respiraci&#xF3;n, p&#xE9;rdida de peso, S&#xF3;lidos Solubles Totales (&#xB0;Brix), acidez titulable, az&#xFA;cares reductores y totales, pH, firmeza, color en piel, proporci&#xF3;n pulpa/fruto, da&#xF1;os por fr&#xED;o y evaluaci&#xF3;n visual. Las evaluaciones se realizaron durante siete d&#xED;as para los frutos testigo, de igual forma para los frutos refrigerados despu&#xE9;s de pasar su periodo de almacenamiento. Los resultados muestran que los frutos del estado de Chiapas, presentaron mejores caracter&#xED;sticas, tanto para los frutos testigo, como aquellos que fueron refrigerados (10&#xB0;C&#xB1;2, 94%H.R.), mostrando mayor resistencia al fr&#xED;o. La principal limitante en la vida postcosecha de los frutos partenoc&#xE1;rpicos de ambos lugares de origen, fue la deshidrataci&#xF3;n. Los frutos que fueron almacenados en refrigeraci&#xF3;n (10&#xB0;C&#xB1;2, 94%H.R.), al exponerlos al ambiente aceleraron el proceso de maduraci&#xF3;n y presentaron da&#xF1;os por fr&#xED;o a partir de la segunda semana en almacenamiento para los frutos de Nayarit y para Chiapas a la tercera semana de almacenamiento.</subfield>
  </datafield>
  <datafield tag="590" ind1=" " ind2=" ">
    <subfield code="a">ALEPH</subfield>
    <subfield code="b">10</subfield>
    <subfield code="c">20130110</subfield>
  </datafield>
  <datafield tag="590" ind1=" " ind2=" ">
    <subfield code="a">BATCH-UPD</subfield>
    <subfield code="b">10</subfield>
    <subfield code="c">20130110</subfield>
  </datafield>
  <datafield tag="590" ind1=" " ind2=" ">
    <subfield code="a">BATCH-UPD</subfield>
    <subfield code="b">10</subfield>
    <subfield code="c">20130410</subfield>
  </datafield>
  <datafield tag="590" ind1=" " ind2=" ">
    <subfield code="a">BATCH-UPD</subfield>
    <subfield code="b">10</subfield>
    <subfield code="c">20130914</subfield>
  </datafield>
  <datafield tag="590" ind1=" " ind2=" ">
    <subfield code="a">BATCH-UPD</subfield>
    <subfield code="b">10</subfield>
    <subfield code="c">20140324</subfield>
  </datafield>
  <datafield tag="590" ind1=" " ind2=" ">
    <subfield code="a">BATCH-UPD</subfield>
    <subfield code="b">10</subfield>
    <subfield code="c">20141002</subfield>
  </datafield>
  <datafield tag="590" ind1=" " ind2=" ">
    <subfield code="a">CONVERSION</subfield>
    <subfield code="b">10</subfield>
    <subfield code="c">20130109</subfield>
  </datafield>
  <datafield tag="650" ind1="0" ind2="4">
    <subfield code="a">Mango</subfield>
    <subfield code="x">Tecnolog&#xED;a postcosecha.</subfield>
    <subfield code="9">70457</subfield>
  </datafield>
  <datafield tag="650" ind1="0" ind2="4">
    <subfield code="a">Mango</subfield>
    <subfield code="x">Variedades.</subfield>
    <subfield code="9">70459</subfield>
  </datafield>
  <datafield tag="650" ind1="0" ind2="4">
    <subfield code="a">Partenocarpia.</subfield>
    <subfield code="9">85793</subfield>
  </datafield>
  <datafield tag="700" ind1="1" ind2=" ">
    <subfield code="a">L&#xF3;pez Avenda&#xF1;o, Abel.</subfield>
    <subfield code="9">67682</subfield>
  </datafield>
  <datafield tag="700" ind1=" " ind2=" ">
    <subfield code="a">Corrales Garc&#xED;a, Jos&#xE9; Joel E.</subfield>
    <subfield code="9">148291</subfield>
    <subfield code="e">Director de tesis.</subfield>
  </datafield>
  <datafield tag="856" ind1=" " ind2=" ">
    <subfield code="u">http://10.13.5.2/tesis/111355.pdf</subfield>
    <subfield code="z">DESCARGAR PDF</subfield>
  </datafield>
  <datafield tag="901" ind1=" " ind2=" ">
    <subfield code="a">BK</subfield>
  </datafield>
  <datafield tag="942" ind1=" " ind2=" ">
    <subfield code="c">TD</subfield>
    <subfield code="2">Clasificaci&#xF3;n Universidad Aut&#xF3;noma Chapingo</subfield>
  </datafield>
  <datafield tag="949" ind1=" " ind2=" ">
    <subfield code="b">BC</subfield>
    <subfield code="c">TES</subfield>
    <subfield code="d">33724002223579</subfield>
    <subfield code="e">TS2</subfield>
    <subfield code="f">c.2</subfield>
    <subfield code="g">Donaci&#xD8;n</subfield>
    <subfield code="h">51420</subfield>
    <subfield code="i">111355</subfield>
    <subfield code="s">b</subfield>
  </datafield>
  <datafield tag="949" ind1=" " ind2=" ">
    <subfield code="b">BC</subfield>
    <subfield code="c">TES</subfield>
    <subfield code="d">33724002223652</subfield>
    <subfield code="e">TS1</subfield>
    <subfield code="g">Donaci&#xD8;n</subfield>
    <subfield code="h">51419</subfield>
    <subfield code="i">111355</subfield>
    <subfield code="s">b</subfield>
  </datafield>
  <datafield tag="999" ind1=" " ind2=" ">
    <subfield code="c">99697</subfield>
    <subfield code="d">99697</subfield>
  </datafield>
  <datafield tag="952" ind1=" " ind2=" ">
    <subfield code="0">0</subfield>
    <subfield code="1">0</subfield>
    <subfield code="2">local</subfield>
    <subfield code="4">0</subfield>
    <subfield code="5">1</subfield>
    <subfield code="7">0</subfield>
    <subfield code="8">TesDigL</subfield>
    <subfield code="a">BD</subfield>
    <subfield code="b">BD</subfield>
    <subfield code="c">E_L</subfield>
    <subfield code="d">2019-12-31</subfield>
    <subfield code="l">0</subfield>
    <subfield code="o">Tesis digital</subfield>
    <subfield code="r">2019-12-31 00:00:00</subfield>
    <subfield code="w">2019-12-31</subfield>
    <subfield code="y">TD</subfield>
  </datafield>
</record>
